<?xml version="1.0" encoding="UTF-8"?>
<record
    xmlns:xsi="http://www.w3.org/2001/XMLSchema-instance"
    xsi:schemaLocation="http://www.loc.gov/MARC21/slim http://www.loc.gov/standards/marcxml/schema/MARC21slim.xsd"
    xmlns="http://www.loc.gov/MARC21/slim">

  <leader>01577nam a22002777a 4500</leader>
  <controlfield tag="008">130116t        mp ||||| |||| 00| 0 mon d</controlfield>
  <datafield tag="041" ind1=" " ind2=" ">
    <subfield code="a">mon</subfield>
    <subfield code="h">mon</subfield>
  </datafield>
  <datafield tag="084" ind1=" " ind2=" ">
    <subfield code="2">other</subfield>
    <subfield code="a">28.693.36</subfield>
    <subfield code="b">&#x41D;-29</subfield>
    <subfield code="q">6</subfield>
  </datafield>
  <datafield tag="100" ind1="1" ind2=" ">
    <subfield code="a">&#x41D;&#x430;&#x440;&#x430;&#x43D;&#x431;&#x430;&#x430;&#x442;&#x430;&#x440; &#x413;.</subfield>
  </datafield>
  <datafield tag="110" ind1=" " ind2=" ">
    <subfield code="a">&#x411;&#x424;-&#x410;&#x43C;&#x44C;&#x442;&#x430;&#x43D; &#x441;&#x443;&#x434;&#x43B;&#x430;&#x43B;&#x44B;&#x43D; &#x442;&#x44D;&#x43D;&#x445;&#x438;&#x43C;</subfield>
    <subfield code="b">&#x41C;&#x43E;&#x43D;&#x433;&#x43E;&#x43B; &#x423;&#x43B;&#x441;&#x44B;&#x43D; &#x418;&#x445; &#x421;&#x443;&#x440;&#x433;&#x443;&#x443;&#x43B;&#x44C;</subfield>
  </datafield>
  <datafield tag="240" ind1=" " ind2=" ">
    <subfield code="a">&#x41C;&#x423;&#x418;&#x421;-&#x438;&#x439;&#x43D; &#x434;&#x43E;&#x442;&#x43E;&#x43E;&#x434; &#x441;&#x4AF;&#x43B;&#x436;&#x44D;&#x44D;&#x43D;&#x44D;&#x44D;&#x441; &#x44D;&#x43B;&#x435;&#x43A;&#x442;&#x440;&#x43E;&#x43D; &#x431;&#x430;&#x439;&#x434;&#x43B;&#x430;&#x430;&#x440; &#x445;&#x430;&#x440;&#x436; &#x431;&#x43E;&#x43B;&#x43D;&#x43E;.</subfield>
  </datafield>
  <datafield tag="245" ind1="1" ind2=" ">
    <subfield code="a">&#x410;&#x440; &#x4E9;&#x43D;&#x436;&#x4AF;&#x4AF;&#x43B;&#x438;&#x439;&#x43D; &#x441;&#x430;&#x43B;&#x431;&#x430;&#x440; &#x443;&#x443;&#x43B;&#x441;&#x44B;&#x43D; &#x445;&#x43E;&#x432;&#x43E;&#x440; &#x445;&#x4E9;&#x445;&#x442;&#x4E9;&#x43D; &#x430;&#x43C;&#x44C;&#x442;&#x430;&#x434;, &#x445;&#x430;&#x43C;&#x433;&#x430;&#x430;&#x43B;&#x430;&#x445; &#x430;&#x440;&#x433;&#x430; &#x437;&#x430;&#x43C;.-</subfield>
    <subfield code="b">&#x41C;&#x430;&#x433;&#x438;&#x441;&#x442;&#x440;&#x44B;&#x43D; &#x430;&#x436;&#x438;&#x43B;: &#x415; 420203</subfield>
    <subfield code="c">&#x423;&#x434;&#x438;&#x440;.&#x411;&#x430;&#x442;&#x441;&#x430;&#x439;&#x445;&#x430;&#x43D; &#x41D;., &#x428;&#x4AF;&#x4AF;&#x43C;&#x436;. &#x428;&#x430;&#x440; &#x421;.</subfield>
  </datafield>
  <datafield tag="260" ind1=" " ind2=" ">
    <subfield code="a">&#x423;&#x411;</subfield>
    <subfield code="c">2008</subfield>
  </datafield>
  <datafield tag="300" ind1=" " ind2=" ">
    <subfield code="a">51 &#x445;&#x443;&#x443;&#x434;.</subfield>
  </datafield>
  <datafield tag="500" ind1=" " ind2=" ">
    <subfield code="a">&#x414;&#x438;&#x43F;-2664</subfield>
  </datafield>
  <datafield tag="502" ind1=" " ind2=" ">
    <subfield code="c">&#x41C;&#x43E;&#x43D;&#x433;&#x43E;&#x43B; &#x423;&#x43B;&#x441;&#x44B;&#x43D; &#x418;&#x445; &#x421;&#x443;&#x440;&#x433;&#x443;&#x443;&#x43B;&#x44C;</subfield>
  </datafield>
  <datafield tag="520" ind1=" " ind2=" ">
    <subfield code="a">English</subfield>
  </datafield>
  <datafield tag="653" ind1=" " ind2=" ">
    <subfield code="a">&#x431;&#x438;&#x43E;&#x43B;&#x43E;&#x433;&#x438;</subfield>
  </datafield>
  <datafield tag="653" ind1=" " ind2=" ">
    <subfield code="a">&#x430;&#x43C;&#x44C;&#x442;&#x430;&#x43D; &#x441;&#x443;&#x434;&#x43B;&#x430;&#x43B;</subfield>
  </datafield>
  <datafield tag="653" ind1=" " ind2=" ">
    <subfield code="a">&#x445;&#x4E9;&#x445;&#x442;&#x4E9;&#x43D; &#x430;&#x43C;&#x44C;&#x442;&#x430;&#x43D;</subfield>
  </datafield>
  <datafield tag="653" ind1=" " ind2=" ">
    <subfield code="a">&#x445;&#x43E;&#x432;&#x43E;&#x440;&#x434;&#x441;&#x43E;&#x43D; &#x430;&#x43D; &#x430;&#x43C;&#x44C;&#x442;&#x430;&#x43D;</subfield>
  </datafield>
  <datafield tag="653" ind1=" " ind2=" ">
    <subfield code="a">&#x43C;&#x430;&#x433;&#x438;&#x441;&#x442;&#x440;&#x44B;&#x43D; &#x434;&#x438;&#x43F;&#x43B;&#x43E;&#x43C;&#x44B;&#x43D; &#x430;&#x436;&#x438;&#x43B;</subfield>
  </datafield>
  <datafield tag="740" ind1=" " ind2=" ">
    <subfield code="a">&#x411;&#x430;&#x439;&#x433;&#x430;&#x43B;&#x44C;, &#x443;&#x443;&#x440; &#x430;&#x43C;&#x44C;&#x441;&#x433;&#x430;&#x43B;&#x44B;&#x43D; &#x43E;&#x43D;&#x446;&#x43B;&#x43E;&#x433;</subfield>
    <subfield code="a"> &#x425;&#x4E9;&#x445;&#x442;&#x4E9;&#x43D; &#x430;&#x43C;&#x44C;&#x442;&#x434;&#x44B;&#x43D; &#x437;&#x4AF;&#x439;&#x43B;&#x438;&#x439;&#x43D; &#x43E;&#x43B;&#x43E;&#x43D; &#x44F;&#x43D;&#x437; &#x431;&#x430;&#x439;&#x434;&#x430;&#x43B;</subfield>
    <subfield code="a">&#x417;&#x4AF;&#x439;&#x43B;&#x438;&#x439;&#x43D; &#x43E;&#x43B;&#x43E;&#x43D; &#x44F;&#x43D;&#x437; &#x431;&#x430;&#x439;&#x434;&#x43B;&#x44B;&#x433; &#x445;&#x430;&#x43C;&#x433;&#x430;&#x430;&#x43B;&#x430;&#x445; &#x430;&#x440;&#x433;&#x430;</subfield>
    <subfield code="a">&#x411;&#x430;&#x439;&#x433;&#x430;&#x43B;&#x44C;, &#x443;&#x443;&#x440; &#x430;&#x43C;&#x44C;&#x441;&#x433;&#x430;&#x43B;&#x44B;&#x43D; &#x43E;&#x43D;&#x446;&#x43B;&#x43E;&#x433;</subfield>
    <subfield code="a"> &#x425;&#x4E9;&#x445;&#x442;&#x4E9;&#x43D; &#x430;&#x43C;&#x44C;&#x442;&#x434;&#x44B;&#x43D; &#x437;&#x4AF;&#x439;&#x43B;&#x438;&#x439;&#x43D; &#x43E;&#x43B;&#x43E;&#x43D; &#x44F;&#x43D;&#x437; &#x431;&#x430;&#x439;&#x434;&#x430;&#x43B;</subfield>
    <subfield code="a">&#x417;&#x4AF;&#x439;&#x43B;&#x438;&#x439;&#x43D; &#x43E;&#x43B;&#x43E;&#x43D; &#x44F;&#x43D;&#x437; &#x431;&#x430;&#x439;&#x434;&#x43B;&#x44B;&#x433; &#x445;&#x430;&#x43C;&#x433;&#x430;&#x430;&#x43B;&#x430;&#x445; &#x430;&#x440;&#x433;&#x430;</subfield>
  </datafield>
  <datafield tag="856" ind1=" " ind2=" ">
    <subfield code="a">public/</subfield>
    <subfield code="d">302664/index.html</subfield>
  </datafield>
  <datafield tag="942" ind1=" " ind2=" ">
    <subfield code="c">CASS</subfield>
  </datafield>
  <datafield tag="952" ind1=" " ind2=" ">
    <subfield code="0">0</subfield>
    <subfield code="1">0</subfield>
    <subfield code="4">0</subfield>
    <subfield code="6">302664</subfield>
    <subfield code="7">0</subfield>
    <subfield code="a">ERD</subfield>
    <subfield code="b">ERD</subfield>
    <subfield code="d">2013-01-16</subfield>
    <subfield code="g">5000.00</subfield>
    <subfield code="l">1</subfield>
    <subfield code="o">302664</subfield>
    <subfield code="p">2013-1157</subfield>
    <subfield code="r">2018-07-05</subfield>
    <subfield code="s">2018-07-03</subfield>
    <subfield code="y">MS</subfield>
  </datafield>
  <datafield tag="999" ind1=" " ind2=" ">
    <subfield code="c">93882</subfield>
    <subfield code="d">93939</subfield>
  </datafield>
</record>
